La verdad y otras dudas
Uloženo v:
| Hlavní autor: | |
|---|---|
| Médium: | Kniha |
| Jazyk: | Undetermined |
| Vydáno: |
Madrid, España
Cultura Hispánica
1967
|
| Témata: | |
| Tagy: |
Přidat tag
Žádné tagy, Buďte první, kdo vytvoří štítek k tomuto záznamu!
|
MARC
| LEADER | 00000nam a2200000Ia 4500 | ||
|---|---|---|---|
| 008 | 170316s9999 xx 000 0 und d | ||
| 040 | |a cru BVZT | ||
| 090 | |a 862 M-52v | ||
| 100 | |a Montesinos, Rafael | ||
| 245 | |a La verdad y otras dudas | ||
| 260 | |a Madrid, España | ||
| 260 | |b Cultura Hispánica | ||
| 260 | |c 1967 | ||
| 300 | |a 227 páginas | ||
| 650 | |a LITERATURA ESPAÑOLA | ||
| 999 | |c 10195 |d 10195 | ||
| 942 | |c 15 D |h 862 M-52v |2 z | ||
